Music Quiz

Random Music or The Beatles Quiz
Score 0/29 Timer 10:00
1 Play Today
Year Song % Correct
1968Hey Jude
76.4%
1965Yesterday
70.6%
1964I Want to Hold Your Hand
69.7%
1970Let it Be
68.6%
1965Help!
67.9%
1974Band on the Run
66.8%
1963She Loves You
56.4%
1982Ebony and Ivory
52.9%
1964A Hard Day's Night
50.4%
1964Love Me Do
49.8%
1967Penny Lane
48.1%
1969Come Together / Something
46.8%
1970The Long and Winding Road / For You Blue
46.6%
1969Get Back
45.4%
1983Say Say Say
44.3%
Year Song % Correct
1966Paperback Writer
43.3%
1976Silly Love Songs
41.4%
1965Eight Days a Week
39.8%
1965Ticket to Ride
38.6%
1964Can't Buy Me Love
38.4%
1967All You Need is Love
37.3%
1967Hello Goodbye
36.2%
1971Uncle Albert/Admiral Halsey
32.6%
1973My Love
28.7%
1964I Feel Fine
28.4%
1966We Can Work it Out
28%
1980Coming Up (Live at Glasgow)
27.5%
1975Listen to What the Man Said
19.7%
1978With a Little Luck
18.8%
Remove Ads.
Support Sporcle.
Get the best of Sporcle when you Go Orange. This ad-free experience offers more features, more stats, and more fun while also helping to support Sporcle. Thank you for becoming a member.

You're not logged in!

Compare scores with friends on all Sporcle quizzes.
OR
Log In

Show Comments

Extras

Top Quizzes Today


Score Distribution

Your Account Isn't Verified!

In order to create a playlist on Sporcle, you need to verify the email address you used during registration. Go to your Sporcle Settings to finish the process.

Report this User

Report this user for behavior that violates our Community Guidelines.

Details: